000 01521nam a22003737a 4500
003 CHAP
005 20220329133033.0
008 971013s1990 mx a r 00010 spa d
010 _a1485
011 _a2457
035 _a1651
040 _cCHAP
082 _a575.1
_bE88
100 0 0 _aEstrada Gómez, Julio Arturo.
_938391
245 1 0 _aManual de prácticas para la enseñanza de la genética general mediante el empleo de Drosophila melanogaster
_c/por Julio Arturo Estrada Gómez
260 _aCd. Juárez, Chih. :
_bESAHE,
_c1990
300 _a70 h.
_b: ilus.
500 _aPonencia presentada en: XIII Congreso Nacional de Fitogenética
590 _aBATCH-UPD
_b10
_c20130110
_lUCH01
_h1507
590 _aBATCH-UPD
_b10
_c20130410
_lUCH01
_h0926
590 _aBATCH-UPD
_b10
_c20130914
_lUCH01
_h1009
590 _aCONVERSION
_b10
_c20130109
_lUCH01
_h1302
650 1 4 _aDrosophila ampelophila.
_934256
650 1 4 _aGenética
_xEstudio y enseñanza.
_947474
650 1 4 _aGenética
_xManuales de laboratorio.
_947478
700 0 _aVadillo Hernández, Angel Marino.
_9117182
710 0 _aColegio de Postgraduados. Chapingo, Méx. Centro de Genética.
_925083
711 0 _aCongreso Nacional de Fitogenética (
_n13
_d: 1990
_c: Cd. Juárez, Chih.)
_926965
901 _aBK
942 _cLIBRO
949 _a575.1 E88
_bBC
_cESP
_d-11141
_eESP
_h79001
_i1651
_si
949 _a575.1 E88
_bBC
_cLIBRO
_d33724000157715
_eLIBRO
_fc.2
_h89871
_i1651
_si
949 _a575.1 E88
_bBC
_cLIBRO
_d33724002209579
_eLIBRO
_fc.3
_h1130022
_i1651
_so
999 _c1485
_d1485